Understanding, designing, and conducting qualitative research in education : framing the project /

Detalhes bibliográficos
Autor principal: Schostak, John F.
Formato: Livro
Idioma:English
Publicado em: Buckingham [England] ; Philadelphia : Open University Press, 2002.
Colecção:Conducting educational research
Assuntos:
Classic Catalogue: View this record in Classic Catalogue
LEADER 01272cam a22003254a 4500
001 35598
003 BD-DhAAL
005 20211201105457.0
008 191113t2002 enk b 001 0 eng
999 |c 41809  |d 41809 
010 |a  2001032140 
020 |a 0335205100 
020 |a 0335205097 (pbk.) 
040 |a DLC  |c DLC  |d DLC  |d BD-DhAAL 
042 |a pcc 
050 0 0 |a LB1028  |b .S28 2002 
082 0 0 |a 370.72  |2 21 
100 1 |a Schostak, John F.  |9 37083 
245 1 0 |a Understanding, designing, and conducting qualitative research in education :  |b framing the project /  |c John F. Schostak. 
260 |a Buckingham [England] ;  |a Philadelphia :  |b Open University Press,  |c 2002. 
300 |a 250 pages ;  |c 23 cm. 
490 |a Conducting educational research 
504 |a Includes bibliographical references (pages [236]-244) and index. 
526 |a BIED 
541 |a Complimentary copy from BIED  |e 35598 
650 0 |a Education  |x Research.  |9 37084 
650 0 |a Social science  |9 37085 
852 |a Ayesha Abed Library  |c BIED Collection 
942 |2 ddc  |c BK 
952 |0 0  |1 0  |2 ddc  |4 0  |6 370_720000000000000_SCH  |7 0  |9 67127  |a BRACUL  |b BRACUL  |c GEN  |d 2019-11-13  |e Complimentary copy from BIED  |l 0  |o 370.72 SCH  |p 3010035598  |r 2019-11-13  |t 1  |w 2019-11-13  |y BK  |x Transferred from BIED to General Stacks